| 000 | 01812nam a2200397 c 4500 | ||
|---|---|---|---|
| 003 | BLK | ||
| 005 | 20241109151218.0 | ||
| 008 | 180409b bul|||||r ||||||| ||bul|| | ||
| 010 | _aKNG00104558000 | ||
| 020 |
_a954-9550-95-8 _bиздат.: Гея-Либрис |
||
| 040 | _aBLK | ||
| 041 |
_aBUL _cBUL |
||
| 080 |
_aОснови на четенето. Методи на обучение в четенето _b372.41 _x _z372.41 |
||
| 080 |
_aЛитература в основното училище. Методика на обучението _b373.3.016:821 _x _z373.3.016:821 |
||
| 100 | 1 |
_aИванова, Нели Стоянова _eпърви автор _9363475 |
|
| 139 |
_aИванова, Нели Стоянова _bИ 22 |
||
| 245 | 1 | 0 |
_aЛитературният вид на началния етап на образование _cНели Стоянова Иванова. |
| 257 | _aBGR | ||
| 260 |
_аСофия _bГея-Либрис _c2002 _fСофия : Д. Благоев |
||
| 300 |
_a176 с. _c21 см |
||
| 380 | _a3 | ||
| 500 | _aСъдържа и Методически варианти на уроци / Мария Василева Иванова | ||
| 650 | 4 |
_aЛитература - методика на преподаването - за основни училища _9249254 |
|
| 650 | 4 |
_aЛитературни родове, видове и жанрове _9285677 |
|
| 653 | _aметодика на преподаването | ||
| 653 | _aразкази | ||
| 653 | _aприказки | ||
| 653 | _aбасни | ||
| 653 | _aнародни песни | ||
| 852 | _aЦб 213350 | ||
| 856 | 4 |
_qpdf _u |
|
| 856 | 4 |
_qpdf _u |
|
| 942 |
_cKNG _n0 _014 |
||
| 944 |
_aCR _c01.01.2002 _k30535 _lХристина Везирева |
||
| 944 |
_aED _c07.06.2004 _k |
||
| 999 |
_c99549 _d99549 |
||